Grandes villes d'Inde - Statistiques

Statistiques générales
  • Ce quiz a été pris 91 fois
  • Le résultat moyen est 8 sur 16
Statistiques - réponses
Ville Population % Correct
Delhi 11 007 835 habitants
97%
Mumbai 12 478 447 habitants
94%
Kolkata 4 486 679 habitants
89%
Chennai 4 681 087 habitants
81%
Jaipur 3 073 350 habitants
65%
Hyderabad 6 809 970 habitants
51%
Bengaluru 8 425 970 habitants
49%
Ahmedabad 5 570 585 habitants
46%
Pune 3 115 431 habitants
43%
Lucknow 2 815 601 habitants
35%
Surate 4 462 002 habitants
26%
Kanpur 2 767 031 habitants
25%
Nagpur 2 405 421 habitants
24%
Bhopal 1 795 468 habitants
21%
Indore 1 960 631 habitants
17%
Thane 1 818 872 habitants
8%
Aucun quiz correspondant
Distribution des résultats
% des personnes avec chaque résultat
Percentile par nombre de réponses
Votre historique - résultats
Vous n’avez pas pris ce quiz